Sciences par lettre - A - Statistiques

Statistiques générales
  • Ce quiz a été pris 416 fois
  • Le résultat moyen est 13 sur 20
Statistiques - réponses
Indices Réponses % Correct
Se dit d'une solution dont le pH est strictement inférieur à 7 Acide
92%
Gaz le plus abondant (≈ 78 %) dans l'atmosphère terrestre Di{azote}
91%
Constituant de base de la matière, composé d'un noyau autour duquel gravitent des électrons Atome
89%
Unité de longueur (de symbole "al") équivalente à la distance parcourue par la lumière dans le vide en une année {Année}-{lumière}
85%
Appareil servant à mesurer l’intensité d’un courant électrique Ampèremètre
84%
Médicaments traditionnellement prescrits dans le traitement des infections bactériennes Antibiotiques
81%
Coordonnée horizontale d'un point dans un plan Abscisse
80%
Zone sous-marine très profonde (4 000 à 6 000 m), où la lumière ne peut pénétrer Abysse
74%
Classe de vertébrés tétrapodes comprenant notamment les grenouilles, les crapauds et les salamandres Amphibien
66%
Se dit de la fonction dont l'expression mathématique est du type : f (x) = ax + b Affine
65%
Dans une pile, elle désigne l'électrode - de polarité négative - où se produit une réaction d'oxydation Anode
60%
Signification de la grandeur " a " dans la deuxième loi de Newton (F = m × a) Accélération
58%
Différentes versions d'un même gène Allèles
58%
Nombre d'entités élémentaires (molécules / atomes / ions…) contenues dans une mole, égal à 6,022 x 1023 Avogadro
58%
Galaxie spirale la plus proche de la Voie lactée, visible à l'œil nu depuis l'hémisphère Nord Andromède
55%
Suite d'instructions qui, une fois exécutée correctement, conduit à un résultat donné Algorithme
39%
Se dit d'un organisme capable de vivre dans un milieu totalement dépourvu d'oxygène Anaérobie
37%
Unité de longueur (de symbole "Å") correspondant à 10-10 m Ångström
36%
Zone de haute pression atmosphérique, souvent associée à des conditions météorologiques stables Anticyclone
34%
Proposition considérée comme évidente et admise sans démonstration Axiome
31%
Aucun quiz correspondant
Distribution des résultats
% des personnes avec chaque résultat
Percentile par nombre de réponses
Votre historique - résultats
Vous n’avez pas pris ce quiz